000 00962nam a2200241 i 4500
001 139023
003 ES-MaACL
005 20240510205010.0
007 t|
008 070214s1905 sp |||| | spa d
080 _a663.97
080 _a338.45(100):663.97
100 1 _aSaralegui y Medina, Manuel de.
_9103752
245 1 0 _aDisquisiciones nicocianas /
_cManuel de Saralegui y Medina ; prólogo de Eleuterio Delgado y Martín.
260 _aMadrid :
_b[s.n.],
_c1905 (
_fImp. de los Hijos de M.G. Hernández)
300 _a303 p. ;
_c20 cm.
530 _aDisponible en formato digital.
650 4 _aIndustria tabacalera.
_9150762
700 1 _aDelgado y Martín, Eleuterio,
_d1852-1908
_943468
852 _aES-MaACL
_jT-1079-F-1
_z. - Dedicatoria autógrafa del autor
856 _uhttp://bibliotecadigitalhispanica.bne.es:80/webclient/DeliveryManager?pid=3207509&custom_att_2=simple_viewer
_zBiblioteca Digital Hispánica
999 _c139023
_d139023